Materials science and engineering : a first course, in SI units

Bibliographic Details
Main Author: Raghavan, V. (Author)
Format: Book
Published: New Delhi : Prentice-Hall India , 1981
Edition:2d ed
Subjects:

MARC

LEADER 00000cam a2200000 7i4500
001 0000004027
005 20040818093000.0
008 021118s1981
020 |a 0876920164 
090 0 0 |a TA368   |b .R3 
100 0 |a Raghavan, V. ,   |e author 
245 1 0 |a Materials science and engineering :   |b a first course, in SI units   |c V. Raghavan 
250 |a 2d ed 
260 2 |a New Delhi :   |b Prentice-Hall India ,   |c 1981 
300 |a 372 p. ;   |c 24 cm. 
501 |a Includes index 
650 0 |a Materials   |x Standards 
650 0 |a Standards, Engineering 
999 |a 1000073854   |b Book   |c OPEN SHELF (30 DAYS)   |e Gong Badak Campus